| 000 | 00688nam a22001937a 4500 | ||
|---|---|---|---|
| 003 | JO-AjAnu | ||
| 005 | 20250323104100.0 | ||
| 008 | 250318b jo ||||| |||| 00| 0 ara d | ||
| 040 | _cJO-AjAnu | ||
| 041 | _hara | ||
| 100 |
_aZakaria Osama L'ayadeh _ePrepared _966538 |
||
| 245 |
_aOn Partitioned Matrices _b / Prepared Zakaria Osama L'ayadeh ; Supervisor Mohammad Al-Hawari |
||
| 260 | _c2025 | ||
| 300 | _a54 pages | ||
| 500 | _aUniversity Thesis (Master's Thesis in Mathematics) / Ajloun National University (Jordan-Ajloun), College of Business, Department of Mathematics, 2025 | ||
| 650 | _vMatrices | ||
| 700 |
_aMohammad Al-Hawari _eSupervisor _966539 |
||
| 942 |
_2lcc _cTHS _n0 |
||
| 999 |
_c33913 _d33913 |
||